| 000 | 00978nam a22002177a 4500 | ||
|---|---|---|---|
| 003 | OSt | ||
| 005 | 20170608093044.0 | ||
| 008 | 150409b2013 slv spa | ||
| 040 | _cBMC | ||
| 082 | _a670.42 | ||
| 100 | 1 |
_935595 _aManzur Ágreda, Ana Karla María |
|
| 245 | 1 | 0 |
_aPasantía en Industria de la Confección Americana Salvadoreña INCASSA de C.V. _b: Informe final _cAna Karla María Manzur Ágreda |
| 260 |
_aSanta Ana (El Salvador) _bUniversidad Católica de El Salvador _c2006 |
||
| 300 |
_a1 folleto (42 h.) _bil. col _c28 cm _e+ 1 disco compacto |
||
| 500 | _aPrecede al tít.: Universidad Católica de El Salvador, Facultad de Ingeniería y Arquitectura | ||
| 500 | _aPeríodo de realización del 06 de febrero al 07 de agosto de 2006 | ||
| 502 | _aPara optar al título de Ingeniero Industrial | ||
| 650 | 2 | 4 |
_919919 _aIngeniería industrial |
| 710 | 2 |
_91166 _aUniversidad Católica de El Salvador _bFacultad de Ingeniería y Arquitectura |
|
| 942 |
_2ddc _cTG |
||
| 999 |
_c21909 _d21909 |
||